<?xml version="1.0" encoding="UTF-8"?>
<marc:record xmlns:marc="http://www.loc.gov/MARC21/slim">
   <marc:leader>00000nam a2200000 a 4500</marc:leader>
   <marc:datafield ind1="1" ind2=" " tag="100">
      <marc:subfield code="a">Pabst-Weinschenk, Marita</marc:subfield>
   </marc:datafield>
   <marc:datafield ind1=" " ind2=" " tag="653">
      <marc:subfield code="a">150 $s Schlagwort : Gesamtdarstellung</marc:subfield>
   </marc:datafield>
   <marc:datafield ind1=" " ind2=" " tag="653">
      <marc:subfield code="a">Sprachtherapie &gt; Grundlagen</marc:subfield>
   </marc:datafield>
   <marc:datafield ind1=" " ind2=" " tag="653">
      <marc:subfield code="a">155 $f Lehrbuch</marc:subfield>
   </marc:datafield>
   <marc:datafield ind1=" " ind2=" " tag="653">
      <marc:subfield code="a">150 $s Spracherwerb, n.n.b #</marc:subfield>
   </marc:datafield>
   <marc:datafield ind1=" " ind2=" " tag="653">
      <marc:subfield code="a">Förderung, Spracherwerbs-</marc:subfield>
   </marc:datafield>
   <marc:datafield ind1="0" ind2="0" tag="245">
      <marc:subfield code="a">Grundlagen der Sprechwissenschaft und Sprecherziehung</marc:subfield>
   </marc:datafield>
   <marc:datafield ind1="0" ind2="0" tag="245">
      <marc:subfield code="b">mit 32 Abbildungen und 15 Tabellen</marc:subfield>
   </marc:datafield>
   <marc:datafield ind1="0" ind2="0" tag="245">
      <marc:subfield code="c">Marita Pabst-Weinschenk</marc:subfield>
   </marc:datafield>
   <marc:datafield ind1=" " ind2="1" tag="264">
      <marc:subfield code="a">München [u.a.]</marc:subfield>
      <marc:subfield code="b">Ernst Reinhardt Verlag</marc:subfield>
      <marc:subfield code="c">2011</marc:subfield>
   </marc:datafield>
   <marc:datafield ind1="1" ind2=" " tag="490">
      <marc:subfield code="a">UTB Sprachwissenschaft, Medien- und Kommunikationswissenschaft</marc:subfield>
      <marc:subfield code="v">8294</marc:subfield>
   </marc:datafield>
   <marc:datafield ind1=" " ind2=" " tag="250">
      <marc:subfield code="a">2., überarb. Auflage</marc:subfield>
   </marc:datafield>
   <marc:datafield ind1="1" ind2=" " tag="520">
      <marc:subfield code="a">Die Grundlagen der Sprechwissenschaft und Sprecherziehung sind unverzichtbarer Bestandteil der Curricula zahlreicher Studiengänge: vom eigenständigen Studienfach "Sprechwissenschaft und Sprecherziehung" über das Lehramtstudium und die Kommunikationswissenschaften bis hin zur Sprachheilpädagogik und Logopädie. Seine Wurzeln hat das Fach in der Rhetorik der Antike.&lt;br/&gt;Heute umfasst es alle Aspekte mündlicher Kommunikation:&lt;br/&gt;Gespräch, Rede, Argumentation, Debattieren, Erzählen, Vorlesen, Vortragen, Sprechkunst, Atmung, Stimme, Sprechen/Hören und Sprech- und Stimmstörungen.&lt;br/&gt;Dieses Lehrbuch ist eine anschauliche Einführung in das Grundlagenwissen des Faches. Es vermittelt nicht nur prüfungsrelevanten Lehrstoff, sondern gibt auch Einblick in die spätere Berufspraxis.</marc:subfield>
   </marc:datafield>
   <marc:datafield ind1=" " ind2=" " tag="020">
      <marc:subfield code="a">9783825282943</marc:subfield>
      <marc:subfield code="9">9783825282943</marc:subfield>
   </marc:datafield>
   <marc:datafield ind1=" " ind2=" " tag="041">
      <marc:subfield code="a">ger</marc:subfield>
   </marc:datafield>
   <marc:datafield ind1=" " ind2=" " tag="500">
      <marc:subfield code="a">Literaturverz. S. 343 - 368</marc:subfield>
   </marc:datafield>
   <marc:datafield ind1=" " ind2=" " tag="300">
      <marc:subfield code="b">Illustration(en)</marc:subfield>
   </marc:datafield>
   <marc:datafield ind1="1" ind2=" " tag="521">
      <marc:subfield code="a">16</marc:subfield>
   </marc:datafield>
   <marc:datafield ind1=" " ind2=" " tag="300">
      <marc:subfield code="a">386 Seiten</marc:subfield>
   </marc:datafield>
</marc:record>
